[Event "Team Championship (women rapid)"]
[Site "Sochi"]
[Date "2017.10.04"]
[Round "5.10"]
[White "Stepanyan, Eva"]
[Black "Bivol, Alina"]
[Result "0-1"]
[LiveChessVersion "1.4.8"]
[BlackElo "2310"]
[WhiteElo "1864"]

1. e4 {[%clk 0:15:19]} e6 {[%clk 0:15:19]} 2. d4 {[%clk 0:15:27]} d5
{[%clk 0:15:28]} 3. Nd2 {[%clk 0:15:35]} a6 {[%clk 0:15:37]} 4. Bd3
{[%clk 0:15:14]} c5 {[%clk 0:15:44]} 5. c3 {[%clk 0:14:52]} Nc6 {[%clk 0:15:05]}
6. Ne2 {[%clk 0:14:46]} cxd4 {[%clk 0:14:05]} 7. cxd4 {[%clk 0:14:48]} dxe4
{[%clk 0:13:43]} 8. Nxe4 {[%clk 0:14:35]} Bb4+ {[%clk 0:12:59]} 9. Bd2
{[%clk 0:13:55]} Bxd2+ {[%clk 0:13:06]} 10. Qxd2 {[%clk 0:14:03]} Nge7
{[%clk 0:13:15]} 11. Qg5 {[%clk 0:11:44]} Nf5 {[%clk 0:13:04]} 12. Qxd8+
{[%clk 0:11:34]} Kxd8 {[%clk 0:13:12]} 13. Ng5 {[%clk 0:11:33]} Nd6
{[%clk 0:12:23]} 14. Rd1 {[%clk 0:11:08]} Ke7 {[%clk 0:12:25]} 15. O-O
{[%clk 0:11:00]} Nb4 {[%clk 0:11:58]} 16. Bb1 {[%clk 0:10:48]} Nd5
{[%clk 0:12:04]} 17. Nc3 {[%clk 0:10:46]} Nxc3 {[%clk 0:10:45]} 18. bxc3
{[%clk 0:10:54]} Bd7 {[%clk 0:10:01]} 19. Ne4 {[%clk 0:09:41]} Rac8
{[%clk 0:09:44]} 20. Nxd6 {[%clk 0:06:54]} Kxd6 {[%clk 0:09:52]} 21. Rc1
{[%clk 0:06:43]} Bb5 {[%clk 0:09:59]} 22. Rfd1 {[%clk 0:05:43]} Rc7
{[%clk 0:10:03]} 23. Be4 {[%clk 0:05:02]} Bc4 {[%clk 0:08:31]} 24. Rd2
{[%clk 0:04:09]} Rhc8 {[%clk 0:08:31]} 25. Rb2 {[%clk 0:04:02]} b5
{[%clk 0:08:34]} 26. f4 {[%clk 0:03:27]} Bd5 {[%clk 0:07:22]} 27. Bxd5
{[%clk 0:03:02]} Kxd5 {[%clk 0:07:04]} 28. Rb3 {[%clk 0:02:16]} Rc4
{[%clk 0:07:10]} 29. Kf2 {[%clk 0:01:48]} b4 {[%clk 0:06:25]} 30. Ke3
{[%clk 0:01:29]} Rxc3+ {[%clk 0:05:48]} 31. Rcxc3 {[%clk 0:01:02]} Rxc3+
{[%clk 0:05:29]} 0-1

[Event "Team Championship (women rapid)"]
[Site "Sochi"]
[Date "2017.10.04"]
[Round "5.11"]
[White "Travkina, Anastasia"]
[Black "Chekletsova, Darya"]
[Result "1-0"]
[LiveChessVersion "1.4.8"]
[BlackElo "1591"]
[WhiteElo "2180"]

1. e4 {[%clk 0:15:19]} c5 {[%clk 0:15:19]} 2. Nf3 {[%clk 0:15:27]} d6
{[%clk 0:15:28]} 3. d4 {[%clk 0:15:36]} cxd4 4. Nxd4 {[%clk 0:15:43]} Nf6
{[%clk 0:15:44]} 5. Nc3 {[%clk 0:15:52]} a6 {[%clk 0:15:53]} 6. Bg5
{[%clk 0:16:01]} e6 {[%clk 0:15:59]} 7. f4 {[%clk 0:16:09]} h6 {[%clk 0:16:06]}
8. Bh4 {[%clk 0:15:41]} Nbd7 {[%clk 0:16:10]} 9. Qe2 {[%clk 0:14:18]} Be7
{[%clk 0:16:06]} 10. O-O-O {[%clk 0:14:10]} Qc7 {[%clk 0:15:21]} 11. g4
{[%clk 0:14:07]} b5 {[%clk 0:15:11]} 12. Bg2 {[%clk 0:13:32]} Bb7
{[%clk 0:15:18]} 13. e5 {[%clk 0:12:19]} dxe5 {[%clk 0:15:03]} 14. fxe5
{[%clk 0:11:22]} Nh7 {[%clk 0:14:11]} 15. Bxe7 {[%clk 0:11:17]} Kxe7
{[%clk 0:14:13]} 16. Bxb7 {[%clk 0:10:45]} Qxb7 {[%clk 0:14:22]} 17. Rhf1
{[%clk 0:10:16]} Ng5 {[%clk 0:14:02]} 18. h4 {[%clk 0:10:13]} Nh7
{[%clk 0:13:29]} 19. Qe3 {[%clk 0:06:32]} Rac8 {[%clk 0:12:45]} 20. Qf4
{[%clk 0:06:14]} Rhf8 {[%clk 0:12:24]} 21. Ne4 {[%clk 0:06:17]} Qc7
{[%clk 0:11:27]} 22. Nd6 {[%clk 0:06:21]} g5 {[%clk 0:10:32]} 23. Nxc8+
{[%clk 0:06:10]} Qxc8 {[%clk 0:10:31]} 24. Qe4 {[%clk 0:06:10]} Rh8
{[%clk 0:10:13]} 25. h5 {[%clk 0:05:49]} Qc7 {[%clk 0:09:24]} 26. Nc6+
{[%clk 0:05:38]} Ke8 {[%clk 0:08:50]} 27. Rd2 {[%clk 0:05:43]} Nc5
{[%clk 0:08:38]} 28. Qf3 {[%clk 0:05:36]} Rf8 {[%clk 0:08:43]} 29. Rd8+
{[%clk 0:05:42]} Qxd8 {[%clk 0:08:48]} 30. Nxd8 {[%clk 0:05:50]} Kxd8
{[%clk 0:08:57]} 31. Qc6 {[%clk 0:05:42]} Nd7 {[%clk 0:08:56]} 32. Rd1
{[%clk 0:05:49]} Re8 {[%clk 0:08:46]} 33. Qxd7# {[%clk 0:05:57]} 1-0

[Event "Team Championship (women rapid)"]
[Site "Sochi"]
[Date "2017.10.04"]
[Round "5.12"]
[White "Murzina, Agata"]
[Black "Tomilova, Elena"]
[Result "0-1"]
[LiveChessVersion "1.4.8"]
[BlackElo "2260"]
[WhiteElo "1707"]

1. e4 {[%clk 0:15:14]} c5 {[%clk 0:15:19]} 2. Nf3 {[%clk 0:15:22]} a6
{[%clk 0:15:27]} 3. g3 {[%clk 0:15:31]} Nc6 {[%clk 0:15:31]} 4. Bg2
{[%clk 0:15:39]} g6 {[%clk 0:15:38]} 5. d4 {[%clk 0:15:37]} cxd4 {[%clk 0:15:42]}
6. Nxd4 {[%clk 0:15:45]} Bg7 {[%clk 0:15:51]} 7. Be3 {[%clk 0:15:50]} d6
{[%clk 0:15:00]} 8. O-O {[%clk 0:15:37]} Bd7 {[%clk 0:14:56]} 9. Nc3
{[%clk 0:15:26]} Nf6 {[%clk 0:14:57]} 10. Qd2 {[%clk 0:15:25]} Ng4
{[%clk 0:14:48]} 11. Nxc6 {[%clk 0:15:03]} bxc6 {[%clk 0:14:53]} 12. Bf4
{[%clk 0:14:24]} O-O {[%clk 0:14:28]} 13. h3 {[%clk 0:14:10]} Ne5
{[%clk 0:14:28]} 14. Rad1 {[%clk 0:13:29]} Nc4 {[%clk 0:13:00]} 15. Qc1
{[%clk 0:13:04]} Qa5 {[%clk 0:11:34]} 16. Rd3 {[%clk 0:12:09]} Rab8
{[%clk 0:11:26]} 17. b3 {[%clk 0:12:00]} Bxc3 {[%clk 0:10:01]} 18. bxc4
{[%clk 0:12:08]} Be6 {[%clk 0:10:01]} 19. Qe3 {[%clk 0:11:03]} Be5
{[%clk 0:07:30]} 20. Bxe5 {[%clk 0:09:52]} dxe5 {[%clk 0:07:07]} 21. Ra3
{[%clk 0:09:24]} Qb4 {[%clk 0:07:03]} 22. Qc3 {[%clk 0:06:30]} Qxc3
{[%clk 0:05:55]} 23. Rxc3 {[%clk 0:06:38]} Rb2 {[%clk 0:05:59]} 24. Ra1
{[%clk 0:06:45]} Rd8 {[%clk 0:03:58]} 25. Rd3 {[%clk 0:06:18]} Rdb8
{[%clk 0:03:57]} 26. Rb3 {[%clk 0:06:10]} Bxc4 {[%clk 0:03:59]} 27. Rxb8+
{[%clk 0:05:30]} Rxb8 {[%clk 0:04:08]} 28. Bf3 {[%clk 0:05:08]} Rb2
{[%clk 0:04:10]} 29. Bd1 {[%clk 0:04:55]} Bxa2 {[%clk 0:04:11]} 30. Kf1
{[%clk 0:02:15]} Kg7 {[%clk 0:04:10]} 31. Ke1 {[%clk 0:02:22]} Bc4
{[%clk 0:04:06]} 32. Kd2 {[%clk 0:01:31]} Rb7 {[%clk 0:03:43]} 33. h4
{[%clk 0:00:46]} f5 {[%clk 0:03:39]} 34. exf5 {[%clk 0:00:33]} gxf5
{[%clk 0:03:47]} 35. Be2 {[%clk 0:00:16]} Bxe2 {[%clk 0:02:34]} 36. Kxe2
{[%clk 0:00:24]} Ra7 {[%clk 0:02:43]} 37. Kd3 {[%clk 0:00:32]} a5
{[%clk 0:02:43]} 38. Kc4 {[%clk 0:00:38]} a4 {[%clk 0:02:37]} 39. Kb4
{[%clk 0:00:22]} Rb7+ {[%clk 0:02:30]} 40. Kc3 {[%clk 0:00:23]} Ra7
{[%clk 0:02:26]} 41. Kb4 {[%clk 0:00:30]} Rd7 {[%clk 0:02:19]} 42. Kc3
{[%clk 0:00:23]} Rd4 {[%clk 0:02:16]} 43. Re1 {[%clk 0:00:29]} Kf6
{[%clk 0:02:16]} 44. f4 {[%clk 0:00:29]} Re4 {[%clk 0:02:21]} 45. fxe5+
{[%clk 0:00:21]} Kxe5 {[%clk 0:02:28]} 46. Rg1 {[%clk 0:00:29]} h5
{[%clk 0:02:34]} 47. Kd3 {[%clk 0:00:36]} Rg4 {[%clk 0:02:27]} 48. Ke3
{[%clk 0:00:41]} Rxg3+ {[%clk 0:02:19]} 49. Rxg3 {[%clk 0:00:43]} f4+
{[%clk 0:02:28]} 50. Kf3 {[%clk 0:00:47]} fxg3 {[%clk 0:02:37]} 51. Kxg3
{[%clk 0:00:56]} a3 {[%clk 0:02:45]} 52. c4 {[%clk 0:01:05]} a2 {[%clk 0:02:52]}
53. c5 {[%clk 0:01:13]} a1=Q {[%clk 0:02:59]} 54. Kf3 {[%clk 0:01:21]} Qc3+
{[%clk 0:03:07]} 55. Kg2 {[%clk 0:01:30]} Kf4 {[%clk 0:03:16]} 56. Kh2
{[%clk 0:01:39]} Kg4 {[%clk 0:03:22]} 57. Kg2 {[%clk 0:01:48]} Qd2+
{[%clk 0:03:30]} 58. Kh1 {[%clk 0:01:56]} Kg3 {[%clk 0:03:39]} 59. Kg1
{[%clk 0:02:05]} Qe1# {[%clk 0:03:47]} 0-1

[Event "Team Championship (women rapid)"]
[Site "Sochi"]
[Date "2017.10.04"]
[Round "6.1"]
[White "Charochkina, Daria"]
[Black "Ubiennykh, Ekaterina"]
[Result "0-1"]
[LiveChessVersion "1.4.8"]
[BlackElo "2329"]
[WhiteElo "2326"]

1. d4 {[%clk 0:15:10]} Nf6 {[%clk 0:15:10]} 2. Bf4 {[%clk 0:15:10]} d5
{[%clk 0:15:10]} 3. Nc3 {[%clk 0:15:10]} c5 {[%clk 0:15:10]} 4. e3
{[%clk 0:15:10]} cxd4 {[%clk 0:15:10]} 5. exd4 {[%clk 0:15:10]} a6
{[%clk 0:15:10]} 6. Bd3 {[%clk 0:15:10]} Nc6 {[%clk 0:15:10]} 7. Nce2
{[%clk 0:15:10]} g6 {[%clk 0:15:03]} 8. c3 {[%clk 0:14:50]} Bg7 {[%clk 0:15:12]}
9. Nf3 {[%clk 0:14:58]} O-O {[%clk 0:14:53]} 10. Ng3 {[%clk 0:15:06]} Bg4
{[%clk 0:14:39]} 11. h3 {[%clk 0:14:26]} Bxf3 {[%clk 0:14:42]} 12. Qxf3
{[%clk 0:14:34]} e5 {[%clk 0:14:46]} 13. dxe5 {[%clk 0:13:34]} Nxe5
{[%clk 0:14:51]} 14. Bxe5 {[%clk 0:13:42]} Re8 {[%clk 0:14:58]} 15. O-O-O
{[%clk 0:13:41]} Rxe5 {[%clk 0:15:05]} 16. Kb1 {[%clk 0:13:41]} Qb6
{[%clk 0:15:05]} 17. Bc2 {[%clk 0:12:52]} Rae8 {[%clk 0:14:57]} 18. Bb3
{[%clk 0:12:50]} h5 {[%clk 0:14:25]} 19. Qf4 {[%clk 0:12:25]} h4 {[%clk 0:12:11]}
20. Qxh4 {[%clk 0:12:32]} Qxf2 {[%clk 0:12:13]} 21. Rhf1 {[%clk 0:12:32]} Qxg2
{[%clk 0:12:01]} 22. Rg1 {[%clk 0:10:40]} Qf2 {[%clk 0:12:06]} 23. Rgf1
{[%clk 0:09:29]} Qe3 {[%clk 0:12:10]} 24. Rg1 {[%clk 0:07:34]} b5
{[%clk 0:11:41]} 25. a3 {[%clk 0:04:53]} a5 {[%clk 0:11:27]} 26. Bc2
{[%clk 0:04:04]} Qf2 {[%clk 0:09:35]} 27. Rdf1 {[%clk 0:03:47]} Re1+
{[%clk 0:09:15]} 28. Rxe1 {[%clk 0:02:16]} Rxe1+ {[%clk 0:09:23]} 29. Rxe1
{[%clk 0:02:25]} Qxe1+ {[%clk 0:09:32]} 30. Ka2 {[%clk 0:02:35]} Qf2
{[%clk 0:09:32]} 31. Bd3 {[%clk 0:01:03]} b4 {[%clk 0:09:37]} 32. axb4
{[%clk 0:01:10]} axb4 {[%clk 0:09:46]} 33. cxb4 {[%clk 0:00:41]} Ne8
{[%clk 0:08:30]} 34. Ne2 {[%clk 0:00:48]} Qxh4 {[%clk 0:08:27]} 0-1

[Event "Team Championship (women rapid)"]
[Site "Sochi"]
[Date "2017.10.04"]
[Round "6.2"]
[White "Bivol, Alina"]
[Black "Vasilevich, Tatjana"]
[Result "1/2-1/2"]
[LiveChessVersion "1.4.8"]
[BlackElo "2367"]
[WhiteElo "2310"]

1. e4 {[%clk 0:15:19]} c5 {[%clk 0:15:19]} 2. Nf3 {[%clk 0:15:25]} a6
{[%clk 0:15:28]} 3. c3 {[%clk 0:15:34]} d5 {[%clk 0:15:34]} 4. exd5
{[%clk 0:15:42]} Qxd5 {[%clk 0:15:42]} 5. d4 {[%clk 0:15:51]} e6 {[%clk 0:15:49]}
6. Be3 {[%clk 0:15:56]} cxd4 {[%clk 0:15:53]} 7. cxd4 {[%clk 0:15:55]} Nf6
{[%clk 0:15:57]} 8. Nc3 {[%clk 0:15:48]} Qd6 {[%clk 0:16:01]} 9. Bc4
{[%clk 0:14:24]} b5 {[%clk 0:15:47]} 10. Bb3 {[%clk 0:13:55]} Bb7
{[%clk 0:15:54]} 11. h3 {[%clk 0:14:01]} Be7 {[%clk 0:15:54]} 12. O-O
{[%clk 0:13:49]} Nbd7 {[%clk 0:15:53]} 13. Qe2 {[%clk 0:13:45]} O-O
{[%clk 0:15:45]} 14. Rfd1 {[%clk 0:13:18]} Nb6 {[%clk 0:15:08]} 15. Rac1
{[%clk 0:13:09]} Rac8 {[%clk 0:14:15]} 16. Ne5 {[%clk 0:12:21]} Nbd5
{[%clk 0:13:05]} 17. Nxd5 {[%clk 0:12:05]} Nxd5 {[%clk 0:12:39]} 18. Nd3
{[%clk 0:12:01]} Qb8 {[%clk 0:09:07]} 19. Nc5 {[%clk 0:11:27]} Rfd8
{[%clk 0:08:06]} 20. Bd2 {[%clk 0:08:22]} Bxc5 {[%clk 0:05:47]} 21. dxc5
{[%clk 0:08:26]} Bc6 {[%clk 0:05:47]} 22. Qg4 {[%clk 0:07:15]} Nf6
{[%clk 0:03:48]} 23. Qh4 {[%clk 0:07:01]} Qe5 {[%clk 0:01:47]} 24. Bc3
{[%clk 0:06:21]} Rxd1+ {[%clk 0:01:31]} 25. Rxd1 {[%clk 0:06:21]} Qe4
{[%clk 0:01:30]} 26. Qxe4 {[%clk 0:05:52]} Nxe4 {[%clk 0:01:29]} 27. Bb4
{[%clk 0:05:33]} a5 {[%clk 0:01:16]} 28. Bxa5 {[%clk 0:05:39]} Nxc5
{[%clk 0:01:25]} 29. Bc2 {[%clk 0:05:10]} Bd5 {[%clk 0:01:27]} 30. a3
{[%clk 0:04:38]} Na4 {[%clk 0:01:05]} 31. Bxa4 {[%clk 0:04:34]} bxa4
{[%clk 0:01:14]} 32. Bc3 {[%clk 0:04:43]} f6 {[%clk 0:01:12]} 33. Rd4
{[%clk 0:04:44]} Rc4 {[%clk 0:01:05]} 1/2-1/2

[Event "Team Championship (women rapid)"]
[Site "Sochi"]
[Date "2017.10.04"]
[Round "6.3"]
[White "Gritsayeva, Oksana"]
[Black "Travkina, Anastasia"]
[Result "1-0"]
[LiveChessVersion "1.4.8"]
[BlackElo "2180"]
[WhiteElo "2358"]

1. e4 {[%clk 0:15:19]} e5 {[%clk 0:15:05]} 2. Nf3 {[%clk 0:15:27]} Nc6
{[%clk 0:15:14]} 3. Nc3 {[%clk 0:15:31]} g6 {[%clk 0:15:21]} 4. h4
{[%clk 0:15:14]} h6 {[%clk 0:14:05]} 5. h5 {[%clk 0:14:25]} g5 {[%clk 0:13:16]}
6. d4 {[%clk 0:14:28]} exd4 {[%clk 0:11:22]} 7. Nxd4 {[%clk 0:14:35]} Nge7
{[%clk 0:09:22]} 8. Be3 {[%clk 0:13:18]} Bg7 {[%clk 0:09:20]} 9. Bc4
{[%clk 0:11:33]} Na5 {[%clk 0:05:46]} 10. Be2 {[%clk 0:10:46]} d5
{[%clk 0:05:49]} 11. exd5 {[%clk 0:10:45]} Nxd5 {[%clk 0:05:49]} 12. Nxd5
{[%clk 0:10:47]} Qxd5 {[%clk 0:05:57]} 13. Nb5 {[%clk 0:09:59]} Qc6
{[%clk 0:04:42]} 14. Bd4 {[%clk 0:08:24]} Bxd4 {[%clk 0:04:15]} 15. Qxd4
{[%clk 0:08:20]} O-O {[%clk 0:04:19]} 16. O-O {[%clk 0:06:36]} Be6
{[%clk 0:01:44]} 17. Nc3 {[%clk 0:04:52]} Rfd8 {[%clk 0:01:40]} 18. Qe5
{[%clk 0:04:21]} Nc4 {[%clk 0:01:48]} 19. Bxc4 {[%clk 0:04:16]} Bxc4
{[%clk 0:01:56]} 20. Rfe1 {[%clk 0:03:11]} Re8 {[%clk 0:00:46]} 21. Qf5
{[%clk 0:03:10]} Rxe1+ 22. Rxe1 {[%clk 0:03:18]} Re8 {[%clk 0:00:51]} 23. Rxe8+
{[%clk 0:02:47]} Qxe8 {[%clk 0:01:00]} 24. Qf6 {[%clk 0:02:06]} Qc6
{[%clk 0:00:30]} 25. Qd8+ {[%clk 0:01:30]} Kg7 {[%clk 0:00:31]} 26. Qd4+
{[%clk 0:01:38]} Kg8 {[%clk 0:00:26]} 27. Qxa7 {[%clk 0:01:45]} Ba6
{[%clk 0:00:21]} 28. Qd4 {[%clk 0:01:48]} Qc4 {[%clk 0:00:14]} 29. Qf6
{[%clk 0:01:30]} Qf1+ {[%clk 0:00:19]} 30. Kh2 {[%clk 0:01:39]} Qe1
{[%clk 0:00:15]} 31. Nd5 {[%clk 0:01:32]} Kh7 {[%clk 0:00:11]} 32. Qxf7+
{[%clk 0:01:39]} Kh8 {[%clk 0:00:20]} 33. Qf8+ {[%clk 0:01:27]} Kh7
{[%clk 0:00:29]} 34. Nf6# {[%clk 0:01:36]} 1-0

[Event "Team Championship (women rapid)"]
[Site "Sochi"]
[Date "2017.10.04"]
[Round "6.4"]
[White "Tomilova, Elena"]
[Black "Potapova, Margarita"]
[Result "1/2-1/2"]
[LiveChessVersion "1.4.8"]
[BlackElo "2104"]
[WhiteElo "2260"]

1. c4 {[%clk 0:15:18]} Nf6 {[%clk 0:15:10]} 2. g3 {[%clk 0:15:26]} e6
{[%clk 0:15:17]} 3. Bg2 {[%clk 0:15:34]} d5 {[%clk 0:15:25]} 4. Nf3
{[%clk 0:15:43]} d4 {[%clk 0:15:18]} 5. e3 {[%clk 0:15:47]} c5 {[%clk 0:15:24]}
6. exd4 {[%clk 0:15:51]} cxd4 {[%clk 0:15:32]} 7. O-O {[%clk 0:15:57]} Nc6
{[%clk 0:15:33]} 8. d3 {[%clk 0:16:02]} Bd6 {[%clk 0:15:35]} 9. Bg5
{[%clk 0:16:06]} h6 {[%clk 0:15:34]} 10. Bxf6 {[%clk 0:16:14]} Qxf6
{[%clk 0:15:43]} 11. Nbd2 {[%clk 0:16:22]} Qd8 {[%clk 0:15:13]} 12. Ne4
{[%clk 0:16:20]} Be7 {[%clk 0:14:04]} 13. Rc1 {[%clk 0:16:07]} O-O
{[%clk 0:13:57]} 14. c5 {[%clk 0:15:14]} e5 {[%clk 0:13:47]} 15. Nfd2
{[%clk 0:13:40]} Be6 {[%clk 0:12:48]} 16. Nc4 {[%clk 0:13:32]} Bd5
{[%clk 0:08:44]} 17. a3 {[%clk 0:12:12]} b6 {[%clk 0:05:40]} 18. cxb6
{[%clk 0:09:33]} axb6 {[%clk 0:05:40]} 19. Qb3 {[%clk 0:09:19]} Rb8
{[%clk 0:04:15]} 20. Qb5 {[%clk 0:09:14]} Kh8 {[%clk 0:02:58]} 21. Ned2
{[%clk 0:08:21]} Bxg2 22. Kxg2 {[%clk 0:08:30]} Na7 {[%clk 0:02:13]} 23. Qa6
{[%clk 0:07:00]} Qd5+ {[%clk 0:01:26]} 24. Kg1 {[%clk 0:06:54]} Nc8
{[%clk 0:01:11]} 25. a4 {[%clk 0:05:03]} Bb4 {[%clk 0:00:51]} 26. Qb5
{[%clk 0:03:37]} Qxb5 {[%clk 0:00:58]} 27. axb5 {[%clk 0:03:46]} Bxd2
{[%clk 0:00:42]} 28. Nxd2 {[%clk 0:03:55]} Nd6 {[%clk 0:00:51]} 29. Nc4
{[%clk 0:03:49]} Nxc4 {[%clk 0:00:31]} 30. Rxc4 {[%clk 0:03:57]} Rfd8
{[%clk 0:00:20]} 31. Rc7 {[%clk 0:03:24]} Kg8 {[%clk 0:00:19]} 32. f4
{[%clk 0:02:16]} Rbc8 {[%clk 0:00:14]} 33. Re7 {[%clk 0:01:56]} e4
{[%clk 0:00:18]} 34. Rxe4 {[%clk 0:01:26]} Rc5 {[%clk 0:00:27]} 35. Rf2
{[%clk 0:00:34]} Rxb5 {[%clk 0:00:32]} 1/2-1/2

[Event "Team Championship (women rapid)"]
[Site "Sochi"]
[Date "2017.10.04"]
[Round "6.5"]
[White "Bodnaruk, Anastasia"]
[Black "Strukova, Ksenia"]
[Result "1-0"]
[LiveChessVersion "1.4.8"]
[BlackElo "1824"]
[WhiteElo "2443"]

1. e4 {[%clk 0:15:19]} c5 {[%clk 0:15:20]} 2. b3 {[%clk 0:15:28]} Nc6
{[%clk 0:15:26]} 3. Bb2 {[%clk 0:15:35]} d6 {[%clk 0:15:28]} 4. Bb5
{[%clk 0:15:39]} Bd7 {[%clk 0:15:26]} 5. f4 {[%clk 0:15:44]} a6 {[%clk 0:15:14]}
6. Bxc6 {[%clk 0:15:52]} Bxc6 {[%clk 0:15:23]} 7. Qe2 {[%clk 0:15:45]} Nf6
{[%clk 0:14:24]} 8. d3 {[%clk 0:14:31]} Qd7 {[%clk 0:12:20]} 9. Nf3
{[%clk 0:14:07]} O-O-O {[%clk 0:11:15]} 10. Nbd2 {[%clk 0:13:55]} Kb8
{[%clk 0:09:51]} 11. Nc4 {[%clk 0:13:16]} h6 {[%clk 0:09:04]} 12. O-O
{[%clk 0:12:09]} Rg8 {[%clk 0:06:50]} 13. a3 {[%clk 0:10:53]} e6 {[%clk 0:05:20]}
14. b4 {[%clk 0:10:41]} Bb5 {[%clk 0:03:22]} 15. Nfd2 {[%clk 0:07:48]} d5
{[%clk 0:01:44]} 16. Ne5 {[%clk 0:07:30]} Qe8 {[%clk 0:01:45]} 17. c4
{[%clk 0:07:02]} dxc4 {[%clk 0:01:25]} 18. dxc4 {[%clk 0:07:11]} Bc6
{[%clk 0:01:33]} 19. Bc3 {[%clk 0:07:08]} Ka8 {[%clk 0:00:25]} 20. Rab1
{[%clk 0:06:51]} Nd7 {[%clk 0:00:21]} 21. b5 {[%clk 0:06:12]} Nxe5
{[%clk 0:00:24]} 22. Bxe5 {[%clk 0:06:21]} axb5 {[%clk 0:00:21]} 23. cxb5
{[%clk 0:06:30]} Bd7 {[%clk 0:00:14]} 24. Qc4 {[%clk 0:06:29]} Bxb5
{[%clk 0:00:11]} 25. Rxb5 {[%clk 0:06:35]} 1-0

[Event "Team Championship (women rapid)"]
[Site "Sochi"]
[Date "2017.10.04"]
[Round "6.6"]
[White "Granovskaya, Ekaterina"]
[Black "Ovod, Evgenija"]
[Result "0-1"]
[LiveChessVersion "1.4.8"]
[BlackElo "2191"]
[WhiteElo "1722"]

1. e4 {[%clk 0:15:18]} e6 {[%clk 0:15:19]} 2. d4 {[%clk 0:15:24]} d5
{[%clk 0:15:28]} 3. Nd2 {[%clk 0:15:31]} c5 {[%clk 0:15:35]} 4. c3
{[%clk 0:15:31]} Nc6 {[%clk 0:15:11]} 5. Ngf3 {[%clk 0:15:34]} Nf6
{[%clk 0:14:31]} 6. e5 {[%clk 0:15:26]} Nd7 {[%clk 0:14:38]} 7. Bd3
{[%clk 0:15:33]} cxd4 {[%clk 0:12:07]} 8. cxd4 {[%clk 0:15:40]} Qb6
{[%clk 0:12:15]} 9. O-O {[%clk 0:12:14]} Nxd4 {[%clk 0:11:59]} 10. Nxd4
{[%clk 0:12:23]} Qxd4 {[%clk 0:12:08]} 11. Nf3 {[%clk 0:12:29]} Qb6
{[%clk 0:12:03]} 12. Qa4 {[%clk 0:12:12]} Qb4 {[%clk 0:10:10]} 13. Qc2
{[%clk 0:11:46]} Nc5 {[%clk 0:07:21]} 14. a3 {[%clk 0:08:04]} Qb3
{[%clk 0:06:49]} 15. Bxh7 {[%clk 0:06:47]} Bd7 {[%clk 0:06:40]} 16. Rb1
{[%clk 0:06:29]} Ba4 {[%clk 0:06:08]} 17. Nd4 {[%clk 0:05:12]} Qxc2
{[%clk 0:04:45]} 18. Bxc2 {[%clk 0:05:20]} Bxc2 {[%clk 0:04:30]} 19. Nxc2
{[%clk 0:05:27]} Nb3 {[%clk 0:04:32]} 20. Be3 {[%clk 0:05:10]} Bc5
{[%clk 0:03:02]} 21. Bxc5 {[%clk 0:03:33]} Nxc5 {[%clk 0:03:11]} 22. Nd4
{[%clk 0:03:42]} Kd7 {[%clk 0:02:34]} 23. b4 {[%clk 0:03:05]} Ne4
{[%clk 0:02:29]} 24. Rbc1 {[%clk 0:02:29]} Rac8 {[%clk 0:02:02]} 25. f4
{[%clk 0:01:55]} a6 {[%clk 0:01:19]} 26. Rfd1 {[%clk 0:01:32]} g6
{[%clk 0:00:41]} 27. g3 {[%clk 0:00:43]} b5 {[%clk 0:00:23]} 28. Kg2
{[%clk 0:00:49]} Rc4 {[%clk 0:00:30]} 29. Rxc4 {[%clk 0:00:12]} bxc4
{[%clk 0:00:39]} 30. Nc2 {[%clk 0:00:13]} Rc8 {[%clk 0:00:37]} 31. Kf3
{[%clk 0:00:20]} c3 {[%clk 0:00:40]} 32. Rd4 {[%clk 0:00:29]} Nd2+
{[%clk 0:00:38]} 33. Ke3 {[%clk 0:00:35]} Nb3 {[%clk 0:00:38]} 34. Rd1
{[%clk 0:00:12]} Kc6 {[%clk 0:00:23]} 35. Nd4+ {[%clk 0:00:14]} Nxd4
{[%clk 0:00:30]} 36. Kxd4 {[%clk 0:00:23]} Kb5 {[%clk 0:00:38]} 37. Rc1
{[%clk 0:00:29]} Rc4+ {[%clk 0:00:42]} 38. Kd3 {[%clk 0:00:38]} Ka4
{[%clk 0:00:26]} 39. Ra1 {[%clk 0:00:12]} c2 {[%clk 0:00:30]} 40. Kd2
{[%clk 0:00:12]} Kb3 {[%clk 0:00:38]} 41. h4 {[%clk 0:00:21]} Kb2
{[%clk 0:00:45]} 42. Rc1 {[%clk 0:00:30]} Rd4+ {[%clk 0:00:51]} 43. Ke3
{[%clk 0:00:38]} Kxc1 {[%clk 0:00:59]} 44. Kxd4 {[%clk 0:00:47]} Kd2
{[%clk 0:01:06]} 0-1

[Event "Team Championship (women rapid)"]
[Site "Sochi"]
[Date "2017.10.04"]
[Round "6.7"]
[White "Belenkaya, Dina"]
[Black "Ilyina, Lada"]
[Result "1-0"]
[LiveChessVersion "1.4.8"]
[BlackElo "1804"]
[WhiteElo "2208"]

1. e4 {[%clk 0:15:19]} e6 {[%clk 0:15:17]} 2. d4 {[%clk 0:15:28]} d5
{[%clk 0:15:25]} 3. Nd2 {[%clk 0:15:37]} Nf6 {[%clk 0:15:31]} 4. e5
{[%clk 0:15:46]} Nfd7 {[%clk 0:15:38]} 5. Bd3 {[%clk 0:15:55]} c5
{[%clk 0:15:46]} 6. c3 {[%clk 0:16:04]} Nc6 {[%clk 0:15:55]} 7. Ngf3
{[%clk 0:16:12]} Qb6 {[%clk 0:15:48]} 8. O-O {[%clk 0:16:16]} cxd4
{[%clk 0:15:50]} 9. cxd4 {[%clk 0:16:24]} Nxd4 {[%clk 0:15:57]} 10. Nxd4
{[%clk 0:16:33]} Qxd4 {[%clk 0:16:05]} 11. Nf3 {[%clk 0:16:42]} Qb6
{[%clk 0:16:03]} 12. Qa4 {[%clk 0:16:48]} Qb4 {[%clk 0:15:31]} 13. Qc2
{[%clk 0:16:32]} h6 {[%clk 0:13:30]} 14. a3 {[%clk 0:16:16]} Qb6 {[%clk 0:12:21]}
15. b4 {[%clk 0:16:22]} Be7 {[%clk 0:12:17]} 16. Be3 {[%clk 0:14:29]} Qd8
{[%clk 0:12:21]} 17. Qd2 {[%clk 0:14:32]} b6 {[%clk 0:11:04]} 18. Rac1
{[%clk 0:13:26]} Bb7 {[%clk 0:11:00]} 19. Rc3 {[%clk 0:13:16]} h5
{[%clk 0:10:06]} 20. Rfc1 {[%clk 0:13:05]} Rc8 {[%clk 0:10:14]} 21. Bb1
{[%clk 0:12:57]} Rxc3 {[%clk 0:09:28]} 22. Rxc3 {[%clk 0:13:04]} Qb8
{[%clk 0:09:32]} 23. Qc1 {[%clk 0:11:43]} O-O {[%clk 0:08:59]} 24. Bg5
{[%clk 0:10:27]} Bxg5 {[%clk 0:07:45]} 25. Qxg5 {[%clk 0:10:26]} Rc8
{[%clk 0:07:46]} 26. Rxc8+ {[%clk 0:08:01]} Qxc8 {[%clk 0:07:48]} 27. h3
{[%clk 0:07:22]} Qc3 {[%clk 0:05:37]} 28. Kh2 {[%clk 0:02:36]} Qb2
{[%clk 0:04:29]} 29. Qe7 {[%clk 0:01:57]} Qxb1 {[%clk 0:03:26]} 30. Qxd7
{[%clk 0:02:00]} Ba6 {[%clk 0:01:31]} 31. Ng5 {[%clk 0:01:53]} 1-0